| 000 | 01142cam a22002895a 4500 | ||
|---|---|---|---|
| 001 | 15701856 | ||
| 005 | 20090724144142.0 | ||
| 008 | 090416s2009 nyu | 00| 0 eng d | ||
| 010 | _a 2009926892 | ||
| 020 | _a9781848824089 (hardcover : alk. paper) | ||
| 020 | _a9781848824096 (e- ISBN) | ||
| 040 |
_aDLC _cDLC |
||
| 082 |
_222 _a004.35 _bPAR |
||
| 245 | 0 | 0 |
_aParallel Computing : _bNumerics, Applications, and Trends / _cEdited by Roman Trobec, Marian Vajtersic, Peter Zinterhof. |
| 260 |
_aNew York : _bSpringer, _cc2009. |
||
| 263 | _a0906 | ||
| 300 |
_axxiv, 519 p.: _bill.; _c24 cm. |
||
| 504 | _aIncludes bibliographical references and index. | ||
| 650 |
_aArallel processing (Electronic computers) _911339 |
||
| 650 |
_aParallel computers. _911340 |
||
| 700 | 1 |
_aTrobec, Roman _911341 |
|
| 700 | 1 |
_aVajtersic, Marian _911342 |
|
| 700 | 1 |
_a Zinterhof, Peter _911343 |
|
| 942 |
_2ddc _cBB |
||
| 999 |
_c13376 _d13376 |
||